Trends in supply chain relationships in automotive industry after the global economic and financial crisis
Zmeny v podnikateľských stratégiách dodáteľských reťazcov automobilového priemyslu. Diverzifikácia rizika pri predaji, efekty nových trendov v procesoch verejného obstarávania, kontroling finančného zdravia reťazca, globálny outsourcing a logistiké vybavenie.
Saved in:
| Main Author: | |
|---|---|
| Format: | Book Chapter |
| Language: | English |
| Subjects: | |
| Tags: |
No Tags, Be the first to tag this record!
|
MARC
| LEADER | 00000nla a2200000 4500 | ||
|---|---|---|---|
| 001 | 0180607 | ||
| 005 | 20240502073100.8 | ||
| 041 | 0 | |a eng | |
| 044 | |a SK | ||
| 245 | 1 | 0 | |a Trends in supply chain relationships in automotive industry after the global economic and financial crisis |c Andrej Čikel |
| 520 | |a Zmeny v podnikateľských stratégiách dodáteľských reťazcov automobilového priemyslu. Diverzifikácia rizika pri predaji, efekty nových trendov v procesoch verejného obstarávania, kontroling finančného zdravia reťazca, globálny outsourcing a logistiké vybavenie. | ||
| 610 | 2 | 0 | |a reťazce distribučné |
| 610 | 2 | 0 | |a reťazce logistické |
| 610 | 2 | 0 | |a reťazce obchodné |
| 610 | 2 | 0 | |a priemysel automobilový |
| 610 | 2 | 0 | |a kríza |
| 610 | 2 | 0 | |a stratégia distribučná |
| 610 | 2 | 0 | |a stratégia logistická |
| 100 | 1 | |a Čikel, Andrej | |